[Event "BAN-chT2"]
[Site "Dhaka"]
[Date "2016.11.08"]
[Round "6.4"]
[White "Saidul, Islam"]
[Black "Subrota, Biswas"]
[Result "0-1"]
[WhiteElo "1949"]
[BlackElo "2049"]
[PlyCount "68"]
[EventDate "2016.11.03"]
[EventType "team-swiss"]
[EventRounds "7"]
[EventCountry "BAN"]
[SourceTitle "CBM 175 Extra"]
[Source "ChessBase"]
[SourceDate "2016.12.12"]
[SourceVersion "1"]
[SourceVersionDate "2016.12.12"]
[SourceQuality "1"]
[WhiteTeam "Janata Bank Officer Welfare"]
[BlackTeam "Sonargaon CC"]
[WhiteTeamCountry "BAN"]
[BlackTeamCountry "BAN"]

1. e4 c5 2. Nf3 g6 3. c3 Nf6 4. e5 Nd5 5. d4 cxd4 6. Nxd4 Nc6 7. Bc4 Nb6 8. Nxc6 bxc6 9. Bd3 Bg7 10. Qe2 Nd5 11. 0-0 0-0 12. Na3 d6 13. Nc4 Nb6 14. Nxb6 axb6 15. exd6 exd6 16. Qc2 d5 17. Bf4 c5 18. Qd2 Re8 19. Bb5 Bd7 20. Be2 d4 21. cxd4 cxd4 22. Bf3 Ra5 23. a3 Ba4 24. Rfe1 Rxe1+ 25. Rxe1 d3 26. Be4 Bb5 27. g3 Ra4 28. Bf3 Rc4 29. Rd1 Ba4 30. b3 Bc3 31. Qxd3 Rd4 32. Qc2 Be8 33. Rxd4 Bxd4 34. Qd3 Bxf2+ 0-1

[Event "BAN-chT"]
[Site "Dhaka"]
[Date "2013.11.02"]
[Round "1"]
[White "Saidul, Islam"]
[Black "Md Jamal, Uddin"]
[Result "0-1"]
[WhiteElo "2007"]
[BlackElo "2085"]
[PlyCount "54"]
[EventDate "2013.11.02"]
[EventType "team-tourn"]
[EventRounds "9"]
[EventCountry "BAN"]
[SourceTitle "CBM 157 Extra"]
[Source "ChessBase"]
[SourceDate "2013.12.19"]
[SourceVersion "1"]
[SourceVersionDate "2013.12.19"]
[SourceQuality "1"]

1. e4 c5 2. Nf3 Nc6 3. d4 cxd4 4. Nxd4 Nf6 5. Nc3 e5 6. Ndb5 d6 7. Nd5 Nxd5 8. exd5 Ne7 9. c4 Ng6 10. Qa4 Bd7 11. Qa3 Bxb5 12. cxb5 Be7 13. b6 axb6 14. Bb5+ Kf8 15. Qb3 f5 16. 0-0 Bf6 17. Qh3 Ne7 18. Qb3 Kf7 19. a4 Rf8 20. f4 Kg8 21. fxe5 Bxe5 22. Re1 Ng6 23. Be3 Qh4 24. h3 Qg3 25. Qd3 Nh4 26. Qe2 f4 27. Qf2 fxe3 0-1

[Event "Dhaka Six Seasons 2nd"]
[Site "Dhaka"]
[Date "2010.08.25"]
[Round "3"]
[White "Murshed, Niaz"]
[Black "Saidul, Islam"]
[Result "1-0"]
[WhiteElo "2406"]
[BlackElo "2030"]
[PlyCount "61"]
[EventDate "2010.08.23"]
[EventType "tourn"]
[EventRounds "10"]
[EventCountry "BAN"]
[SourceTitle "EXT 2019"]
[Source "ChessBase"]
[SourceDate "2018.10.10"]
[SourceVersion "1"]
[SourceVersionDate "2018.10.10"]
[SourceQuality "1"]

1. e4 e5 2. Nf3 Nf6 3. Nxe5 Nc6 4. Nxc6 dxc6 5. d3 Bc5 6. Be2 Ng4 7. Bxg4 Qh4 8. g3 Qxg4 9. Qxg4 Bxg4 10. Be3 Bxe3 11. fxe3 a5 12. a4 0-0 13. Nd2 b5 14. Nb3 f5 15. exf5 Rxf5 16. e4 Re5 17. Rf1 c5 18. axb5 c4 19. Nd4 cxd3 20. cxd3 Bd7 21. Kd2 Bxb5 22. Rf5 Rxf5 23. Nxf5 Rd8 24. Ra3 a4 25. Ke3 c5 26. Ne7+ Kf7 27. Nd5 c4 28. d4 Bc6 29. Nc7 Rb8 30. d5 Be8 31. Ra2 1-0